Responses for Show #3911 - Monday, September 10, 2001

New title graphics.

Contestants

[<< previous game]

Brian O'Rourke, a director of development from Marblehead, Massachusetts

Tony Morgan, a financial analyst originally from Jefferson City, Tennessee

Ramsey Campbell, a writer from Newport Beach, California (whose 3-day cash winnings total $38,200)

[next game >>]

Jeopardy! Round responses

LARRY KING'S PUBLIC FIGURES
DRIVING
MICHAEL JACKSON HITS IN OTHER WORDS
20th CENTURY BALLET
EXPORTS
FAMILIAR PHRASES
    $100 16
George Washington

Ramsey
    $100 7
honk

Tony
    $100 1
"Say Say Say"

Brian
    $100 26
Picasso

Brian
    $100 21
oil

Tony
    $100 2
fish

Ramsey
    $200 17
Elvis Presley

Tony
    $200 8
reverse

Tony
    $200 9
"Bad"

Brian
    $200 27
India

Tony
    $200 22
coffee

Ramsey
    $200 3
the wind

Brian
    $300 18
Pete Rose

Tony
    $300 10
Firestone

Tony
    $300 12
"Beat It"

Tony
    $300 28
Marilyn Monroe

Ramsey
    $300 23
cotton

Ramsey
    $300 4
footprints

Ramsey
    $400 19
Dr. Seuss

Tony
    $400 11
steering wheel position

Tony
    $400 13
"Thriller"

Tony
    $400 29
[The end-of-round signal sounds.]

Dracula

Triple Stumper
    $400 24
coconut

Triple Stumper
    $400 5
a woman scorned

Brian
    $500 20
John Glenn

Ramsey
    $500 15
(Tony: What is the catalytic converter?)
(Brian: What is the distributor?)

exhaust manifold

TonyBrian
Triple Stumper
    $500 14
"The Girl Is Mine"

Tony
    $1,000 25
(Ramsey: What is paper?)
(Alex: Be more specific.)
...
(Alex: We have less than a minute to go for this last category.)

papyrus

Ramsey
    $500 6
to sell them down the river

Ramsey

Scores at the first commercial break (after clue 15):

Ramsey Tony Brian
$900 $1,700 $400

Scores at the end of the Jeopardy! Round:

Ramsey Tony Brian
$3,300 $2,900 $500

Double Jeopardy! Round responses

OOH, A WISE GUY
WONDER DRUGS
DON'T MESS WITH SICILY
DIRECTED BUT DIDN'T STAR IN
PRESIDENTIAL FINAL MOMENTS
LONG GERMAN WORDS
    $200 9
Descartes

Ramsey
    $200 14
insulin

Tony
    $200 27
Mount Etna

Ramsey
    $200 21
Robert Redford

Ramsey
    $200 6
FDR

Ramsey
    $200 1
beer

Ramsey
    $400 10
Nietzsche

Tony
    $400 15
cholesterol

Tony
    $400 28
Punic

Ramsey
    $400 22
Ron Howard

Brian
    $400 7
McKinley

Tony
    $400 2
joy

Ramsey
    $600 11
Karl Marx

Ramsey
    $600 16
ibuprofen

Brian
    $3,000 26
(Ramsey: Who is Justice [*]?)

Scalia

Ramsey
    $600 23
Clint Eastwood

Ramsey
    $1,600 8
(Alex: That scared you, Tony?)
(Tony: More than you know.)
[Laughter]

William Henry Harrison

Tony
    $600 3
(Brian: What is an initiation story?)

novel

Brian
Triple Stumper
    $800 12
Thomas More

Brian
    $800 17
inflammatory

Brian
    $800 29
(Tony: What is Gibraltar?)
...
[The end-of-round signal sounds.]

Messina

RamseyTony
    $800 24
(Alex: Less than a minute to go now, Ramsey.)

Paul Newman

Triple Stumper
    $800 19
Garfield

Ramsey
    $800 4
(Tony: What is Wiener schnitzel?)

Bratwurst

Tony
Triple Stumper
    $1000 13
Immanuel Kant

Brian
    $1000 18
(Tony: What is Valium?)
(Ramsey: What is choloroform?)

thorazine

RamseyTonyBrian
    $1000 25
Tim Robbins

Ramsey
    $1000 20
Zachary Taylor

Triple Stumper
    $1000 5
Realpolitik

Brian

Scores at the end of the Double Jeopardy! Round:

Ramsey Tony Brian
$10,900 $3,300 $5,500

[wagering suggestions for these scores]

Final Jeopardy! Round responses

FAMOUS PEOPLE
(Alex: [To Tony] You've been watching a lot of CNN and all those models on the runways, I think.)
[Laughter]
...
(Alex: [To Ramsey] San Simeon, William Randolph Hearst.)
TonyWho is Elsa Klensh?
$3,300
BrianWho is Tiernan?
$5,401
RamseyWho is Patty Hearst?
$101
Patty Hearst

Final scores:

Ramsey Tony Brian
$11,001 $0 $99
4-day champion: $49,201 3rd place: a Samsung camera package 2nd place: a 7-night Caribbean cruise

Game dynamics:

Coryat scores:

Ramsey Tony Brian
$8,000 $2,300 $5,500
22 R
(including 2 DDs),
1 W
17 R
(including 1 DD),
4 W
12 R,
2 W

Combined Coryat: $15,800

[game clues] [game scores] [suggest correction]

Game tape date: 2001-04-24
The J! Archive is created by fans, for fans. Scraping, republication, monetization, and malicious use prohibited; this site may use cookies and collect identifying information. See terms. The Jeopardy! game show and all elements thereof, including but not limited to copyright and trademark thereto, are the property of Jeopardy Productions, Inc. and are protected under law. This website is not affiliated with, sponsored by, or operated by Jeopardy Productions, Inc. Join the discussion at JBoard.tv.